000
00257nam a22001097a 4500
082
_a
621.89 PUG'P
100
_a
PUGH, B
_9
44838
245
_a
PRATICAL LUBRICATION AN INTRODUCTION TEXT
260
_a
LONDON
_b
BUTTERWORTH
_c
1970
300
_a
204P
942
_c
BK
999
_c
583996
_d
583996